Star Wars Clone Officers (HARD unless you are a big fan) - Statistics

General Stats
  • This quiz has been taken 4,644 times
  • The average score is 5 of 14
Answer Stats
Hint Answer % Correct
Commander, 212th, Orange Cody
99%
Captain, 501st, Blue, Dual Pistols Rex
95%
Commander, Coruscant Guard, Red Fox
65%
Commander, 41st, Green Gree
64%
Commander, 327th, Yellow Bly
51%
Commander, 501st, Blue Appo
36%
Commander, 91st, Red Ponds
23%
Commander, 21st, Marroon Bacara
22%
Commander, ARC Trooper, Red Neyo
22%
Commander, Coruscant Guard, Red, Helped Jar Jar Stone
19%
Sergeant, Whtie, Stationed on Rishi Moon O'Niner
14%
Captain, Pilot, ARC170 Jag
12%
Sergeant, 501st, Blue Denal
8%
Commander, K Company, Red Deviss
8%
No matching quizzes found
Score Distribution
Percent of People with Each Score
Percentile by Number Answered
Your Score History
You have not taken this quiz